বাংলাদেশের ইতিহাস, ১৭০৪-১৯৭১. তৃতীয় খণ্ড /

Библиографические подробности
Соавтор: Asiatic Society of Bangladesh
Другие авторы: ইসলাম, সিরাজুল, ১৯৩৯-, হারুন-অর-রশিদ, মিয়া, সাজাহান
Формат:
Язык:Bengali
Опубликовано: ঢাকা : এশিয়াটিক সোসাইটি অব বাংলাদেশ, ১৯৯৩ [চতুর্থ মুদ্রণ ২০২১].
Предметы:
Classic Catalogue: View this record in Classic Catalogue
LEADER 03447nam a2200433 a 4500
001 5617
003 BD-DhAAL
008 110604s1993 bg b 001 0 benod
020 |a 9845120067 (hbk.) :  |8 0.00 (v. 1-3) 
020 |a 9789845120067 (hbk.) 
040 |a BD-DhAAL  |c BD-DhAAL 
043 |a a-bg--- 
082 0 0 |a 954.92  |2 20 
245 0 0 |a বাংলাদেশের ইতিহাস, ১৭০৪-১৯৭১.  |n তৃতীয় খণ্ড /  |c সম্পাদক, সিরাজুল ইসলাম ; সম্পাদনা সহকারী, হারুন-অর-রশিদ ; সহযোগী সম্পাদক, সাজাহান মিয়া. 
260 |a ঢাকা :  |b এশিয়াটিক সোসাইটি অব বাংলাদেশ,  |c ১৯৯৩ [চতুর্থ মুদ্রণ ২০২১]. 
300 |a ৬৫৩ পৃষ্ঠা :  |b চিত্র, মানচিত্র ;  |c ২৫ সে.মি. 
362 |a Vol. 3 
504 |a গ্রন্থপঞ্জিগত নির্দেশিকা অন্তর্ভুক্ত। 
505 0 |a ৩য় খণ্ড. সামাজিক ও সাংষ্কৃতিক ইতিহাস. 
526 |a GenEd 
541 |a Complimentary copy from BIED 35408 Book Finder International (41715, 41716, 41717, 41718, 41719)   |e 5617, 35408, 41715, 41716, 41717, 41718, 41719 
546 |a In Bengali. 
651 0 |a Bangladesh  |x History. 
651 0 |a Bengal (India)  |x History. 
700 1 |a ইসলাম, সিরাজুল,  |d ১৯৩৯- 
700 0 |a হারুন-অর-রশিদ. 
700 0 |a মিয়া, সাজাহান.  |9 55531 
710 2 |a Asiatic Society of Bangladesh 
852 1 |a Ayesha Abed Library  |c General Stacks 
942 |2 ddc  |c BK 
999 |c 10949  |d 10949 
952 |0 0  |1 0  |2 ddc  |4 0  |6 954_920000000000000_BAN  |7 0  |9 17099  |a BRACUL  |b BRACUL  |c GEN  |d 2011-06-04  |g 800.00  |l 11  |m 26  |o 954.92 BAN  |p 3010005617  |r 2026-02-17  |s 2025-10-21  |t 1  |w 2011-06-04  |y BK 
952 |0 0  |1 0  |2 ddc  |4 0  |6 954_920000000000000_BAN  |7 0  |9 58158  |a SCL  |b SCL  |c GEN  |d 2016-02-24  |l 6  |o 954.92 BAN  |p 3020005748  |r 2023-10-09  |s 2023-10-04  |t 2  |w 2016-02-24  |y BK 
952 |0 0  |1 0  |2 ddc  |4 0  |6 954_920000000000000_BAN  |7 0  |9 69470  |a BRACUL  |b BRACUL  |c CIR  |d 2021-11-01  |e Complimentary copy from BIED  |l 5  |o 954.92 BAN  |p 3010035908  |r 2025-02-24  |s 2025-02-24  |t 4  |w 2021-11-01  |y 1HOUR  |x Transferred from BIED to General Stacks 
952 |0 0  |1 0  |2 ddc  |4 0  |6 954_920000000000000_BAN  |7 0  |9 74351  |a SCL  |b SCL  |c GEN  |d 2023-09-08  |e Book Finder International  |g 742.56  |l 1  |o 954.92 BAN  |p 3020041717  |r 2025-06-29  |s 2025-06-22  |t 5  |v 742.56  |w 2023-09-08  |y BK 
952 |0 0  |1 0  |2 ddc  |4 0  |6 954_920000000000000_BAN  |7 0  |9 74352  |a SCL  |b SCL  |c GEN  |d 2023-09-08  |e Book Finder International  |g 742.56  |l 1  |m 4  |o 954.92 BAN  |p 3020041716  |r 2023-11-16  |s 2023-10-19  |t 4  |v 742.56  |w 2023-09-08  |y BK 
952 |0 0  |1 0  |2 ddc  |4 0  |6 954_920000000000000_BAN  |7 0  |9 74353  |a SCL  |b SCL  |c GEN  |d 2023-09-08  |e Book Finder International  |g 742.56  |l 1  |o 954.92 BAN  |p 3020041718  |r 2023-12-08  |s 2023-12-04  |t 6  |v 742.56  |w 2023-09-08  |y BK 
952 |0 0  |1 0  |2 ddc  |4 0  |6 954_920000000000000_BAN  |7 0  |9 74354  |a SCL  |b SCL  |c GEN  |d 2023-09-08  |e Book Finder International  |g 742.56  |l 3  |o 954.92 BAN  |p 3020041715  |r 2025-07-29  |s 2025-07-23  |t 3  |v 742.56  |w 2023-09-08  |y BK 
952 |0 0  |1 0  |2 ddc  |4 0  |6 954_920000000000000_BAN  |7 0  |9 74355  |a SCL  |b SCL  |c GEN  |d 2023-09-08  |e Book Finder International  |g 742.56  |l 1  |m 2  |o 954.92 BAN  |p 3020041719  |r 2024-03-03  |s 2024-02-13  |t 7  |v 742.56  |w 2023-09-08  |y BK